[Event "Bilbao Blindfold World Cup"]
[Site "?"]
[Date "2007.10.18"]
[Round "5"]
[White "Xianghzi Bu"]
[Black "Veselin Topalov"]
[Result "1-0"]
[WhiteElo "2692"]
[BlackElo "2769"]
[Annotator "Ëåáåäåâ Âàñèëèé"]
[PlyCount "73"]
[EventDate "2007.10.18"]

{Ñíîâà, íî íà ýòîò ðàç âåñüìà êðàñèâî áûë ïîáèò ôàâîðèò òóðíèðà.} 1. Nf3 g6 2.
c4 Bg7 3. d4 c5 4. e4 d6 5. Be2 Nc6 6. d5 Nd4 7. Nxd4 cxd4 8. O-O e5 {
Õîä íå èç ïåðâûõ ðÿäîâ.} ({×òî áûëî õîðîøî ïðîòèâ Êðàìíèêà è Êàðïîâà,
íàâåðíîå, ìîãëî ïðîéòè è ïðîòèâ Áó? Òî åñòü} 8... Qb6 9. Nd2 ({èëè} 9. Qb3 {
(ìåæäó ïðî÷èì, ýòî òîæå áûëà ïàðòèÿ âñëåïóþ!)} Nf6 10. Nd2 O-O 11. Rd1 Nd7
12. Qxb6 axb6 13. Nb3 Nc5 14. Nxc5 bxc5 15. Bd3 Bd7 16. Bg5 Bf6 17. Bxf6 exf6
18. Rdb1 b6 19. a3 Rfb8 20. b4 Kf8 21. f4 Rc8 22. bxc5 bxc5 23. Rb7 Ke8 24. Kf2
Kd8 25. Ke2 Rcb8 26. Rxb8+ Rxb8 27. Bc2 Rb2 28. Kd1 d3 29. Bxd3 Rxg2 30. Rb1
Kc7 31. h4 Rg4 32. Kd2 Rxf4 33. a4 Rxh4 34. a5 Rh2+ 35. Kc3 Ra2 36. Rf1 Rxa5
37. Rxf6 Be8 38. e5 dxe5 39. Be4 h5 40. Kb3 Ra1 41. d6+ Kd7 42. Bd5 h4 43. Bxf7
Bxf7 44. Rxf7+ Kxd6 45. Rf6+ Ke7 46. Rxg6 h3 47. Rh6 Rh1 {
0-1 Karpov,A (2679)-Topalov,V (2718)/Monte Carlo 2001}) 9... Nf6 10. Rb1 a5 11.
b3 O-O 12. a3 e5 13. b4 axb4 14. axb4 Bd7 15. Bd3 Qc7 16. Nb3 b6 17. Bd2 Nh5
18. Rc1 Ra3 19. Ra1 Rxa1 20. Nxa1 Nf4 21. Bxf4 exf4 22. Nc2 Ba4 23. Qd2 Bxc2
24. Qxc2 Ra8 25. Qb2 Qa7 26. Rd1 Be5 27. f3 Qa4 28. Rd2 Ra7 29. Rc2 h5 30. Kf1
Qe8 31. c5 bxc5 32. bxc5 dxc5 33. Rxc5 Qa8 34. Rc1 Ra2 35. Qb3 Kg7 36. Rd1 Qa5
37. Qb5 Qa3 38. d6 Bxd6 39. e5 Bb4 40. e6 Ra1 41. Qe5+ f6 42. Qc7+ Be7 43. Rxa1
Qxa1+ 44. Ke2 Qa2+ 45. Kf1 Qxe6 46. Qxf4 Bd6 47. Qxd4 Bxh2 48. Qe4 Qf7 49. g4 {
1/2-1/2 Kramnik,V (2751)-Topalov,V (2700)/Dos Hermanas 1999/CBM 071/[Stohl]})
9. dxe6 Bxe6 $146 (9... fxe6 10. Qa4+ Qd7 11. Qb3 Ne7 12. Na3 O-O 13. Bg5 h6
14. Bh4 g5 15. Bg3 Ng6 16. Nb5 Nf4 17. Bxf4 Rxf4 18. g3 Rf8 19. Rad1 a6 20.
Nxd4 Kh8 21. Nc2 Qc7 22. Qb4 Be5 23. Ne3 Qc5 24. Qd2 Bd7 25. Ng4 Bc6 26. b4 Qa7
27. Nxe5 dxe5 28. Qd6 Rf6 29. Qxe5 {
(1-0 Sofieva,A (2370) - Mukhin,G (2425)/Leningrad 1990).}) 10. Na3 Qb6 11. Bf4
a6 ({Âèäèìî, ïîëó÷øå áûëî} 11... Nf6 $5) 12. Qa4+ Kf8 {
Èçëèøíå «òâîð÷åñêèé» ïîäõîä ê îáîðîíå...} (12... Bd7) 13. c5 $5 {
À âîò ýòî î÷åíü íåïëîõî ñìîòðèòñÿ!} ({Íî çàñëóæèâàëî âíèìàíèÿ è} 13. Qb3 $5 {
, ïîñëå ÷åãî, ïî êðàéíåé ìåðå, èíèöèàòèâó áåëûå ñîõðàíÿëè. Òî åñòü -} Qc7 (
13... Qc6 14. Qb4 Rd8 15. Nc2 Qxe4 16. Bxd6+ Ke8 17. Rfe1 $1 Qxc2 $140 18. Bd1
Qf5 19. Ba4+) 14. Qb4 Rd8 15. c5 Be5 16. Bxe5 dxe5 17. c6+ Ne7 18. cxb7 {è ò.ä.
}) 13... dxc5 ({Åñëè} 13... Qxc5 {, òî} 14. Rac1 Qb6 15. Nc4 Bxc4 16. Bxc4 {
- è çäåñü ìîæíî îñòàíîâèòüñÿ è êîíñòàòèðîâàòü íàëè÷èå ó áåëûõ  ïîëíîé
êîìïåíñàöèè çà ìàòåðèàë.}) 14. Nc4 Bxc4 15. Qxc4 {
Áåëûå ãîòîâû íàâàëèòüñÿ èçî âñåõ íà ïåøêó ñ5.} ({Òðåáóåò îñìûñëåíèÿ è} 15. Bxc4
$5 Qf6 $140 16. Bd2 {è íåëüçÿ} b5 17. Bxb5) 15... Ne7 {Ïî-ìîåìó, íå ëó÷øàÿ
ðåàêöèÿ, èáî ïðîìåäëåíèå ýòî, êîòîðîå ïîäîáíî âñåì èçâåñòíî ÷åìó.} (15... Re8
$5) (15... Bh6 $5) 16. Rac1 $14 Rc8 ({Ïóñòèòüñÿ âî âñå òÿæêèå íåëüçÿ -} 16...
Qxb2 17. Rb1 ({èëè} 17. Bd6 Qb6 $140 18. Bxc5 Qe6 19. Qxe6 fxe6 20. Bxe7+ Kxe7
21. Rc7+ Kf8 ({ïðèõîäèòñÿ; íåëüçÿ, êîíå÷íî,} 21... Kf6 22. e5+ $1) 22. Rxb7 {
è ò.ä.}) 17... b5 (17... Qc3 18. Rxb7 Qxc4 19. Bxc4 Bf6 20. Rfb1 {
ñ ïîäàâëÿþùèì ïåðåâåñîì}) 18. Rxb2 bxc4 19. Bxc4 {è ò.ä. È îòâåòüòå, òîëüêî
÷åñòíî, íà ñëåäóþùèé âîïðîñ: «Âàøå ìíåíèå (òîëüêî öåíçóðíîå) î ïîëîæåíèè
÷¸ðíîãî êîðîëÿ íà f8?»}) 17. Bg4 Rd8 $2 {
Ïîñëå ýòîãî «åñòåñòâåííîãî õîäà øàíñîâ íà ñïàñåíèå ó ÷¸ðíûõ íåìíîãî.} ({
Òîëüêî} 17... Re8 $5 {
îñòàâëÿëî (ÈÌÕÎ) âîçìîæíîñòü ñîïðîòèâëåíèÿ. Èäåÿ òóò òàêàÿ -} 18. Qxc5 Qxc5 19.
Rxc5 Nc6 {Ïåøêà å4 ïîä áîåì!} 20. Re1 ({øàõ} 20. Bd6+ {- ýòî ïðîñòî îäèí øàõ...
}) 20... f5 21. Bf3 Be5 22. Bd2 Kf7 {, íàêîíåö-òî ñîåäèíÿÿ ëàäüè.} {
È êñòàòè, íå âûèãðûâàåò} 23. exf5 {ââèäó} Bf4 $1) 18. Qxc5 Qxc5 19. Rxc5 d3 (
19... Nc6 20. Rd5 $16) 20. Rc7 h5 ({
Ïåøêè ïðîòèâíèêà òóò, êîíå÷íî, ñáèâàòü ñ äîñêè íåëüçÿ -} 20... Bxb2 $2 21. Rb1
d2 22. Bd1 Bg7 23. Rbxb7 $18) ({À åñëè ïîïûòàòüñÿ ìàõíóòü íà âñ¸ ðóêîé è ïîéòè
â ïîñëåäíèé è ðåøèòåëüíûé áîé, òî ñðàæåíèå íàäîëãî íå çàòÿíåòñÿ -} 20... Rd4
21. Rxb7 f5 22. Bd1 $1 fxe4 23. Be3 Rd8 24. f3 $1 {
Ñ òàêîé «ôååðè÷åñêîé» èäååé -} Bf6 25. fxe4 Kg7 26. e5 $1 Bh4 27. g3 $18)
21. Bd7 {
Òåïåðü îá àêòèâíîñòè ÷¸ðíûå ôèãóðû ìîãóò òîëüêî ãðåçèòü, äà è òî ïîä êàéôîì.}
Nc6 ({Èëè} 21... Bxb2 22. Rxb7 Bc3 23. Rd1 d2 24. Bxd2 Bxd2 25. Rxd2 $18) 22.
Rxb7 Ne5 ({
Ïîñëåäíèé, è âåñüìà ñëàáåíüêèé øàíñ çàêëþ÷àëñÿ òóò â ñëåäóþùåé õèòðîñòè -} 
22... Na5 {, íàäåÿñü íà} 23. Bd6+ ({èëè} 23. Rc7 Nc4 $1) 23... Kg8 24. Rc7 Nc6
$1 {- ñûãðàíî õîòÿ áû «ãîëîâîëîìíî».}) 23. Bxe5 Bxe5 24. Rd1 Bxb2 25. Rxd3 {
«Ðàçíîöâåò» çäåñü Âåñåëèíó íå òîâàðèù. Èáî áåç ëàäüè (ðàçâå ìîæíî ñ÷èòàòü
îòùåïåíêó íà h8 çà ôèãóðó, ó÷àñòâóþùóþ, â èãðå?) «òÿæåëî» èãðàòü äàæå
Òîïàëîâó.} Be5 26. Rd5 f6 27. Be6 Rxd5 28. exd5 {
«Óæàñ, óæàñ!» - ìûñëü ÷¸ðíîãî êîðîëÿ} h4 29. Rf7+ Ke8 30. Ra7 Rf8 31. h3 {
Óâîä ïåøêè èç-ïîä áîÿ - ïîñëåäíåå ïðèãîòîâëåíèå ê ìàðøó áåëîãî êîðîëÿ.} f5 32.
Kf1 Rf6 33. Ke2 g5 34. Kd3 g4 35. Kc4 $18 gxh3 36. gxh3 Rg6 37. Bf7+ 1-0

[Event "Bilbao Blindfold World Cup"]
[Site "?"]
[Date "2007.10.18"]
[Round "5"]
[White "Sergey Karjakin"]
[Black "Magnus Carlsen"]
[Result "0-1"]
[WhiteElo "2694"]
[BlackElo "2714"]
[Annotator "Ëåáåäåâ Âàñèëèé"]
[PlyCount "68"]
[EventDate "2007.10.18"]

1. e4 c5 2. Nf3 Nc6 3. Bb5 e6 4. Bxc6 bxc6 5. d3 Ne7 6. Qe2 Qc7 7. Ng5 e5 8. f4
exf4 9. O-O Ng6 {Ñìåëî!} 10. Qh5 d6 {×óåò ñåðäöå - äîìàøíÿÿ çàãîòîâêà. Âåäü
Êàðëñåí âèäåë, êàê òóò èãðàë Àëåêñàíäð Ãðèùóê ïðîòèâ Àëåêñåÿ Øèðîâà íà
ïðîøëîãîäíåì ìåìîðèàëå Òàëÿ â Ìîñêâå...} (10... Bd6 $5 11. g3 $5 ({
ïåðåä ýòèì ïîäðûâîì ñëåäîâàëî, ïî-ìîåìó, âûâåñòè êîíÿ -} 11. Nc3 $1) 11... fxg3
12. Rxf7 gxh2+ 13. Kh1 Ba6 (13... Be5 $5) 14. Nxh7 Kxf7 15. Qf5+ Ke8 16. Qxg6+
Kd8 17. Qxg7 Be5 18. Nf6 Kc8 19. Qxh8+ Kb7 20. Qh6 Bxf6 21. Bf4 Qd8 22. e5 Qg8
23. Nc3 (23. Nd2 $1) 23... Qg4 24. Rf1 Bg7 25. Qd6 Rg8 26. Ne4 Bf8 27. Nxc5+
Ka8 {(0-1 Cornette,M (2490) - Palac,M (2568)/Dresden GER 2007).}) 11. Bxf4 Nxf4
({Ïîñëå} 11... h6 $2 {Íåäàâíèé ïðåòåíäåíò íà ìèðîâóþ êîðîíó ñûãðàë , ïî åãî
ñîáñòâåííûì ñëîâàì, ëó÷øóþ ïàðòèþ â æèçíè...} 12. Nxf7 $1 Qxf7 13. Bxd6 Qe6
14. Bxf8 Rxf8 15. Nd2 Bd7 16. Qxc5 Qe7 17. Rxf8+ Kxf8 18. Rf1+ Kg8 19. Qxe7
Nxe7 20. Nb3 Rd8 21. Nc5 Bc8 22. Kf2 Rf8+ 23. Ke2 Rxf1 24. Kxf1 Ng6 25. b4 Kf7
26. Ke2 Nf4+ 27. Kf3 Ne6 28. Nb3 Ke7 29. Ke3 Kd6 30. d4 Nc7 31. c4 Be6 32. Kd3
Bg8 33. a4 Ne6 34. g3 Ng5 35. Nd2 a6 36. h4 Nh3 37. Ke3 g5 38. d5 cxd5 39. exd5
gxh4 40. gxh4 Bh7 41. Ne4+ Ke5 42. Nc5 Nf4 43. d6 Ne6 44. d7 Nd8 45. Nxa6 Kd6
46. Nc5 Bg8 47. Kd4 Nc6+ 48. Kc3 Ke7 49. b5 Ne5 50. b6 Nxd7 51. b7 {
(1-0 Grischuk,A (2710) - Shirov,A (2720)/Moscow 2006).}) 12. Rxf4 g6 13. Qf3
Bg7 $1 ({Åñëè} 13... Bh6 $1 {, òî áåëûå ïðîäîëæàþò ñîõðàíÿòü èíèöèàòèâó. È,
áûòü ìîæåò, äî ñàìîãî, äî ïîáåäíîãî êîíöà -} 14. Rxf7 Qa5 ({ñëàáî} 14... Qd8
15. Rxh7 $1) 15. Nc3 $1 {
Ôèãóðîé áîëüøå, ôèãóðîé ìåíüøå, êàêàÿ ñîáñòâåííî ãîâîðÿ, ðàçíèöà!} Bxg5 16. Rf1
Be6 17. e5 $1 ({íå òàê ñèëüíî} 17. Rf6 $5 {ââèäó} Kd7 18. Rxe6 Raf8 $1 19.
Rxd6+ Kxd6 20. Qg3+ Kd7 21. Qxg5 Qb4 $1 {- ôåðçü âîâðåìÿ âõîäèò â èãðó}) 17...
d5 ({åñëè} 17... Qb6 {, òî} 18. Ne4 {è äàëåå -} O-O-O 19. Nxg5 Bxf7 20. Nxf7
c4+ 21. Kh1 cxd3 22. Nxd8 Rxd8 23. Qh3+ $1 Kb8 24. e6 $1 Re8 25. cxd3 $16) 18.
Rf6 $1 {Ïðåäûäóùàÿ ñåíòåíöèÿ â òîé æå ìåðå îòíîñèòñÿ è ê ëàäüÿì. ;)} Bf5 $1 (
18... Bxf6 19. Qxf6 Kd7 20. Qg7+) (18... Kd7 19. Rxe6 $1) 19. Rxf5 gxf5 20.
Qh5+ Kd7 21. Qxg5 $40) 14. Rxf7 {Íåñìîòðÿ íà âñþ «ãðîçíîñòü» ïîçèöèè
âûèãðûøà çà áåëûõ íàéòè çäåñü ìíå íå óäàëîñü.} Bd4+ $1 15. Kh1 ({
Íè÷åãî íå ïîëó÷àåòñÿ è ïîñëå} 15. Kf1 {
><òîáû íå áûëî íèêàêèõ òàêèõ ìàòîâûõ óãðîç ïî 1-é ãîðèçîíòàëè.} Qd8 16. Nxh7
Bf5 $1 17. Rf8+ ({åù¸ õóæå} 17. Rxf5 $2 gxf5 18. Qh5+ Ke7 19. Qg5+ Kd7 20.
Qxf5+ Kc7 21. Ng5 Qg8 $1 $17) 17... Rxf8 18. Nxf8 Bg4 $1 {
è íàäî äóìàòü î ñïàñåíèè... Êîìó? Áåëûì!} 19. Qxg4 Qf6+ 20. Qf3 Qxf3+ 21. gxf3
Bxb2 {è ò.ä.}) 15... Qd8 16. c3 $6 {Ïåðâûé øàã â ïðîïàñòü.} ({«Ïîäíèìèòå ìíå
âåêè, íå âèæó!» - êðè÷àë ãîãîëåâñêèé Âèé. «Îòêðîéòå ãëàçà èãðîêàì è
äîáàâüòå èì âðåìåíè!» - òðåáóþ ÿ! ×òîáû îíè «ïîäíèìàëè» ñëåäóþùèå
ïðîäîëæåíèÿ -} 16. Nxh7 $1 Bf5 $1 ({åñëè} 16... Bxb2 {
òî èãðàòü íàäî îøåëîìëÿþùå -} 17. Nc3 $3 Bxc3 ({
ëàäüþ êóøàòü õî÷åòñÿ, íî íåëüçÿ -} 17... Bxa1 18. Rf8+ Rxf8 19. Qxf8+ Kd7 20.
Nf6+ Kc7 21. Nfd5+ $1 {×óäî-êîíè!} cxd5 22. Nb5+ $1 Kd7 23. Qxd6+ Ke8 24. Nc7+
Qxc7 25. Qxc7 {
- áåëûé ôåðçü âêóïå ñ ïåøêàìè âûãëÿäèò ìîùíåå ñîíìà ÷¸ðíûõ ôèãóð...}) 18. Rf1
{Áåëûå ñòðîèëèñü - ïðîòèâíèê, êàê ìèíèìóì, â ðàññòðîåííûõ ÷óâñòâàõ!} Bf5 ({
åñëè} 18... Be6 {, òî} 19. Rb7 {, è íàäî îòäàâàòü ôåðçÿ -} Qe7 20. Rxe7+ Kxe7
21. Ng5 ({âèäèìî, íå ñëàáåå è àòàêóþùåå} 21. e5 {
äàæå íåñìîòðÿ íà îòâåòíóþ õèòðîñòü -} Rxh7 22. Qxc6 Rxh2+ $1 23. Kxh2 Bxe5+
24. g3 Rh8+ 25. Kg2 Bh3+ 26. Kg1 Bxf1 {
âåäü ÷¸ðíûå òåðÿþò ïåøêó íà à7, ïîñëå ÷åãî êðåïîñòü, âèäèìî íå ïîñòðîèøü...}
) 21... Raf8 22. Qe2 Rxf1+ 23. Qxf1 Bxa2 24. g3 Rb8 (24... Rf8 25. Qc1 $1) 25.
Qh3 Bg8 $1 26. Qh4 {ñ âåñüìà îñòðîé èãðîé.}) 19. exf5 $1 Kxf7 20. fxg6+ Kg7 21.
Qf7+ Kh6 22. Rf3 ({íè÷üÿ åñòü -} 22. Qf4+ Kg7 23. Qf7+ Kh6 24. Qf4+ {
, íî õî÷åòñÿ áîëüøåãî}) 22... Qh4 23. Rh3 Qxh3 24. gxh3 Rag8 25. Nf6 Rxg6 26.
Ng4+ Kg5 27. Qe7+ Kf4 28. Kg2 {, è ïî-ìîåìó, ôåðçü ñ êîí¸ì òóò ïîñèëüíåå áóäóò!
}) ({ñîõðàíÿþò ïåðåâåñ áåëûå ïîñëå} 16... Bg4 17. Qxg4 Kxf7 18. Ng5+ Kg8 19.
Nd2 $36) ({íî ëþáîïûòíî} 16... Be6 $5 17. Rf8+ $140 Rxf8 18. Qxf8+ Kd7 19.
Qxd8+ Kxd8 20. Nc3 Rb8 21. Nd1 Bg4 $1 22. c3 Bg7 23. Ng5 Bxd1 24. Rxd1 Rxb2 {
Íèêàêîé ýòî íå çåâîê!} 25. Ne6+ Ke7 26. Nxg7 Kf7 {
- ôèãóðà îòáèðàåòñÿ îáðàòíî...} 27. Nf5 gxf5 28. Rf1 Rxa2 {
, è ïîëó÷èëñÿ îñòðåéøèé «ëàäåéíèê». Ãì-ì...}) 17. Rxf5 ({ïîñëå} 17. Rf8+
Rxf8 18. Nxf8 Bxb2 19. exf5 Kxf8 (19... Bxa1 20. fxg6) 20. fxg6+ Qf6 21. Qxf6+
Bxf6 {÷òîáû ðàçâèòüñÿ íàäî îòäàâàòü âåñü ëèøíèé ìàòåðèàë -} 22. c3 Re8 23. Nd2
Bxc3 24. Rf1+ Kg7 25. Ne4 Be5 26. g3 Kxg6 {è ò.ä.}) 17... gxf5 18. Qh5+ Kd7 19.
Qxf5+ {È ïîèãðàòü ñ îãí¸ì ìîæíî ïóò¸ì} Kc7 $5 ({
ïðîñòàÿ íè÷üÿ, òåïåðü óæå â «÷¸ðíîì êàðìàíå», îáíàðóæèâàåòñÿ ïîñëå} 19...
Ke7 20. Qg5+ Kd7 21. Qf5+ Ke7) 20. Ng5 $140 ({ñëàáûì îêàçûâàåòñÿ} 20. Nd2 Qh4
21. Qf7+ Kd8 $1 ({íà êðóãè ñâîÿ âñ¸ âîçâðàùàåòñÿ â ñëó÷àå} 21... Kb6 22. Qb3+
Ka6 23. Qc4+ Kb7 24. Qf7+) 22. Qb7 Rc8 23. Rf1 Be5 $1) 20... Rxh2+ $1 21. Kxh2
Qh8+ 22. Kg3 Qe5+ $1 23. Kg4 {Âñ¸ âûøå, è âûøå, è âûøå...} Qxf5+ 24. exf5 Bxb2
{È ïðîäîëæàåì êðåàòèâèòü.} 25. f6 $1 (25. Nd2 $5 Bxa1 26. Nde4 $44 {
, äóìàþ, ÷òî òàê}) 25... Bxf6 26. Nc3 Rg8 27. Kf5 $1 {Êîðîëü-òðóæåíèê!} Bxc3
28. Ne6+ Kc8 29. Rg1 Rg3 $1 30. a4 Re3 31. Nf4 {
, è äóìàåòñÿ, ÷òî àêòèâíîñòü áåëûõ ôèãóð, îò ïîðàæåíèÿ òóò ñòðàõóåò âïîëíå.})
16... Be5 {Ðîáêîâàòî ñûãðàíî!} ({
Îò Êàðëñåíà (äàæå «ñëåïåíüêîãî») ìîæíî áûëî áû îæèäàòü ñìåëîãî} 16... Qxg5 $1
17. cxd4 $140 Bf5 $1 18. Nc3 Kxf7 19. exf5 Qxf5 20. Qxc6 Rhf8 $1 21. Qxd6 Kg8
$15) 17. Rg7 $2 {À âîò ýòî òî, ÷òî íàçûâàåòñÿ «â ïûëó áîðüáû».} ({
Ñëåäîâàë ïîäêðåïèòü ñâîåãî êîíÿ -} 17. h4 $1 {è òîëüêî â îòâåò íà} h6 {
ïðîâîäèòü èäåþ, ïðèâåäøóþ â ïàðòèè ê êðàõó -} 18. Rg7 $1 Rf8 ({åñëè} 18...
Qf6 {, òî} 19. Qxf6 Bxf6 20. Rxg6 hxg5 21. Rxf6 Rxh4+ 22. Kg1 {
, ïî-ìîåìó, çäåñü ó áåëûõ ëèøíÿÿ ïåøêà ;)}) 19. Rg8 $1 ({
äëÿ óñïîêîåíèÿ ñîâåñòè èùåì è íàõîäèì íè÷üþ -} 19. Rf7 Rh8 20. Rg7 Rf8 21.
Rf7 {è ò.ä.}) 19... Qe7 20. Rxf8+ Qxf8 21. Qxf8+ Kxf8 22. Nf3 Ba6 23. d4 Bg3
24. Nbd2 {- êàêàÿ-íèêàêàÿ, à ïåøêà ëèøíÿÿ...}) 17... Qf6 {Àòàêà çàêîí÷èëàñü}
18. Qxf6 ({Òåïåðü â ñëó÷àå} 18. Rxh7 {äåëà áåëûõ âåñüìà ïëîõè -} Rxh7 19. Nxh7
Qh4 $1 20. Qf8+ Kd7 21. Qf7+ Kd8 22. g3 Bxg3 23. Qf6+ Qxf6 24. Nxf6 Be5 25. Nh7
Rb8 26. b3 Ba6 $17 {, èáî äâà ñëîíà, îíè è â Àôðèêå äâà ñëîíà! Íî ýòî áûëî
ñàìûì óïîðíûì ïðîäîëæåíèåì. Ïîñëå õîäà â ïàðòèè âñ¸ èíòåðåñíîå è çàíèìàòåëüíîå
çàêàí÷èâàåòñÿ çà ïàðó õîäîâ.}) 18... Bxf6 19. Rxh7 O-O $1 $19 {
Êë¸âûé ñïîñîá ù¸ëêíóòü ïî íîñó ëàäüþ, çàáðàâøóþñÿ íà ïîëå h7!} 20. Na3 Bxg5 {
Îñòàëüíîå óæå íå î÷åíü èíòåðåñíî.} 21. Rc7 Rf7 22. Rxc6 Bf4 23. Nc4 Bd7 24.
Ra6 Bb5 25. Ra5 Bxc4 26. dxc4 Be5 27. Rd1 Raf8 28. g3 Rf2 29. b4 Bxc3 30. Rxa7
Bd4 31. Rd7 Rxa2 32. bxc5 Rff2 {Õâàòèò áàëîâñòâà! Ñòàâèì ìàò!} 33. Rd8+ Kg7 34.
Rd7+ Kh6 0-1

[Event "Blindfold World Cup"]
[Site "Bilbao ESP"]
[Date "2007.10.18"]
[Round "6"]
[White "Carlsen, M."]
[Black "Karjakin, Sergey"]
[Result "0-1"]
[WhiteElo "2714"]
[BlackElo "2694"]
[Annotator "Ëåáåäåâ Âàñèëèé"]
[PlyCount "84"]
[EventDate "2007.10.16"]

1. d4 d5 2. c4 c6 3. Nc3 Nf6 4. e3 e6 5. Nf3 Nbd7 6. Bd3 dxc4 7. Bxc4 b5 8. Bd3
Bb7 9. e4 b4 10. Na4 c5 11. e5 Nd5 12. O-O cxd4 13. Re1 g6 14. Bg5 Qa5 15. Nd2
Rc8 16. Nc4 Rxc4 $1 {Ïðåêðàñíàÿ èäåÿ ïðåêðàñíîé Àëåêñàíäðû Êîñòåíþê.} 17. Bxc4
Bg7 18. Rc1 Nxe5 ({
Ïðàâäà, â ïàðòèè-ïåðâîèñòî÷íèêå ÷¸ðíûå äåéñòâîâàëè íå âïîëíå óäà÷íî -} 18...
O-O $6 19. Bb3 Bxe5 20. Rxe5 $1 Nxe5 21. Nc5 Bc8 22. Qxd4 Nc6 23. Qh4 f6 $2 24.
Bh6 $18 g5 25. Qe4 f5 26. Qe1 Rd8 27. Nb7 $1 Bxb7 28. Qxe6+ Kh8 29. Bxd5 {
(1-0 Petrosian,T (2558) - Kosteniuk,A (2514)/Moscow 2006).}) 19. Rxe5 {
Èäåÿ íàì óæå çíàêîìàÿ, íî çäåñü îíà íå ïðîõîäèò.} ({Íåõîðîøî è} 19. Bb3 {
ïîòîìó ÷òî âìåñòî} Nd7 ({ìîæíî áûëî ñûãðàòü ñðàçó} 19... Nc3 $1 20. Nxc3 (20.
bxc3 Nf3+ $1 21. gxf3 Qxg5+ 22. Kf1 Qf5 23. Re4 Bxe4 24. fxe4 Qh3+ 25. Ke1 bxc3
$36) 20... bxc3 21. Ba4+ Bc6 22. Bxc6+ Nxc6 {è ò.ä.}) 20. Bd2 O-O 21. a3 Rb8
22. Qe2 Ba6 23. Qd1 Bb7 24. Qe2 Nc3 25. bxc3 bxc3 26. Bf4 Rd8 27. Bd6 Nb6 28.
Nc5 Bd5 29. Bxd5 Rxd6 30. Bxe6 $1 fxe6 ({ñëàáåå} 30... Qxc5 31. Bxf7+ $1 Kxf7
32. Qe8+ Kf6 33. Qe7+ Kf5 34. Qxg7 Rd7 35. Qh6 d3 $140 36. h4 $1 $18) 31. Nb7
Qd5 32. Nxd6 Qxd6 {Çàáàâíàÿ ïîçèöèÿ!} 33. Red1 Qc6 34. Qa6 Bh6 35. Rc2 Qe4 36.
Qe2 Qxe2 37. Rxe2 e5 38. g3 (38. Rxe5 $2 c2 {è ò.ä.}) 38... Bf8 39. Kg2 Na4 40.
f4 Nb2 41. Rxb2 cxb2 42. Rb1 Bxa3 43. fxe5 a5 {
(1/2 Rainer Zufall,R (2450)  - Klosterfrau (2508)/playchess.com INT 2006)}) (
19. Bf1 $5 {Rybka}) 19... Bxe5 20. Qe2 Nc7 $1 {
È áåëûì êàê-òî ñðàçó ñòàëî íåóþòíî.} 21. Bh6 ({Íå ðåøàëî âñåõ ïðîáëåì è} 21.
f4 Bg7 {È äàëåå, ê ïðèìåðó, áåëûå âûíóæäåíû èãðàòü íà óðàâíåíèå -} 22. Bd3 O-O
(22... Qxa4 $4 23. Rxc7 $18) 23. Nc5 Bc8 24. Nb3 $140 Qxa2 25. Rxc7 Qxb3 26.
Be7 Re8 27. Rxa7 Qd5 28. Bxb4 Bb7 $17 {èò.ä.}) 21... Bd6 22. Bb3 (22. b3 $5)
22... Qf5 23. Rd1 Ke7 {Åù¸ áîëåå óñèëèâàÿ öåíòðàëüíóþ ãðóïïèðîâêó} ({
Ñ «êîìïîì» ïîä ðóêîþ âñ¸ «ñðàñòàåòñÿ» è ïîñëå} 23... Nb5 24. Bg7 (24. h3
a6 {è ò.ä.}) 24... Rg8 25. Bxd4 Bxh2+ $1 26. Kf1 ({ïîñëå} 26. Kxh2 Qf4+ 27. Kg1
Nxd4 {ïðåäñòîèò «è ò.ä.»}) 26... Nxd4 27. Rxd4 Ke7 28. Rxb4 Qb1+ 29. Qd1 ({
íåëüçÿ} 29. Qe1 Bxg2+ $1) 29... Ba6+ 30. Ke1 Qxd1+ 31. Bxd1 Bd6 32. Rh4 Rb8 33.
a3 ({ïîëå b4 íàäî ïðèêðûòü; ïëîõî êàê} 33. b3 Bb4+) ({òàê è} 33. Rxh7 Rxb2 $1)
33... h5 {Ïîëîæåíèå ýòî (ÈÌÕÎ) áåçíàä¸æíî äëÿ áåëûõ.}) 24. Rxd4 Rd8 25. Rd1 Nd5
{
È èíèöèàòèâà, è ëèøíÿÿ ïåøêà, è ïîçèöèÿ ëó÷øå - òðè  â îäíîì, êàê ãîâîðèòñÿ...
} 26. g4 {È êóäà æ òû ïîëåç? Òàêèìè ìè õîäàìè ìàëî áûëî ïàðòèé ñïàñåíî. Ïðàâäà,
áûëî âûèãðàíî íåêîòîðîå êîëè÷åñòâî... Íî çäåñü - ÿâíî íå òàêîé ñëó÷àé.} Nf4
$1 {Èçÿùíî!} ({Ìîæíî áûëî è} 26... Qf6 27. Qb5 Ba8 {
è êàê çàùèùàòü ïîçèöèþ ðîêèðîâêè áåëîãî êîðîëÿ ñîâåðøåííî íå ïîíÿòíî.}) 27.
gxf5 Nxe2+ 28. Kf1 Ba6 {Áàòàðåÿ ê áîþ ãîòîâà!} 29. Ke1 ({Íå ñïàñàåò} 29. f6+ {
, ÿêîáû áðîñàþùåå ïàðòèþ â ïó÷èíó îñëîæíåíèé, èáî âñå ýòè îñëîæíåíèÿ
çàêàí÷èâàþòñÿ ÷åðåç ïàðó õîäîâ-} Ke8 30. Nc5 Bb5 31. Ba4 Ng3+ $1 32. Kg2
Bxa4 $1 33. Nxa4 Nf5 {è ò.ä.}) 29... gxf5 {
È ìàòåðèàëüíûé ïåðåâåñ áûë ÷¸ðíûìè áûñòðî ðåàëèçîâàí -} 30. Be3 Ng1 31. f4
Nf3+ 32. Kf2 Nxh2 33. Bxa7 Ng4+ 34. Ke1 h5 35. Nc5 Bc8 36. Bb6 Rh8 37. a4 bxa3
38. bxa3 h4 {Ðàçíèöà â êà÷åñòâå êðàéíèõ ïðîõîäíûõ - íàëèöî!} 39. Ke2 h3 40. a4
h2 41. Rh1 f6 ({Ìîæíî áûëî è ñðàçó} 41... Bxc5 42. Bxc5+ Kd7 {È â ñàìîì ñêîðîì
âðåìåíè ôåðçåâûé ñëîí ÷¸ðíûõ âûéäåò íà áîëüøóþ áåëóþ äèàãîíàëü.} 43. Bc4 Bb7
44. Rd1+ Kc7 45. Bd6+ Kc8 46. a5 h1=Q) 42. a5 Kf7 0-1

[Event "Blindfold World Cup"]
[Site "Bilbao ESP"]
[Date "2007.10.18"]
[Round "6"]
[White "Topalov, V."]
[Black "Bu Xiangzhi"]
[Result "1/2-1/2"]
[WhiteElo "2769"]
[BlackElo "2692"]
[PlyCount "117"]
[EventDate "2007.10.16"]

1. Nf3 d5 2. c4 c6 3. d4 Nf6 4. Nc3 dxc4 5. a4 Bf5 6. e3 e6 7. Bxc4 Bb4 8. O-O
Nbd7 9. Qe2 O-O 10. e4 Bg6 11. Bd3 Bh5 12. e5 Nd5 13. Nxd5 cxd5 14. Qe3 Be7 15.
Ng5 Bxg5 16. Qxg5 Bg6 17. Be2 Nb8 18. Qxd8 Rxd8 19. Bd2 Nc6 20. Bc3 Rdc8 21. a5
a6 22. Rfe1 Na7 23. Bb4 Nc6 24. Bc3 Na7 25. h4 Nb5 26. h5 Bc2 27. Bxb5 axb5 28.
Re2 Bf5 29. Re3 Rc4 30. b3 Rc6 31. Bb4 h6 32. f3 Rac8 33. g4 Rc1+ 34. Re1 Rxe1+
35. Rxe1 Bd3 36. Bc5 Ra8 37. Re3 Bb1 38. b4 Rc8 39. Kf2 g6 40. Re1 Bc2 41. Rc1
Bb3 42. Rh1 Kh7 43. Ke3 Bc4 44. f4 Rg8 45. hxg6+ Rxg6 46. g5 Kg8 47. Be7 hxg5
48. fxg5 Rg7 49. Kf4 Rh7 50. Rh6 Bd3 51. Bf6 Bg6 52. Kg3 Kf8 53. Kf4 Ke8 54.
Kg4 Kd7 55. Rxh7 Bxh7 56. Kh5 Ke8 57. Kh6 Bg6 58. Kg7 Bf5 59. Kg8 1/2-1/2